[Event "IM Marmaris Karia VII 2019"]
[Site "Marmaris"]
[Date "2019.05.25"]
[Round "7.1"]
[White "Eminov, Orkhan"]
[Black "Sibashvili, Giorgi"]
[Result "0-1"]
[WhiteElo "2353"]
[BlackElo "2381"]
[Annotator "TA"]
[PlyCount "50"]
[EventDate "2019.05.25"]
[EventType "schev"]
[EventCountry "TUR"]
[SourceTitle "playchess.com"]
[Source "ChessBase"]
[SourceQuality "1"]

{[%evp 12,74,11,19,14,0,7,2,-2,-18,-16,-57,-4,-20,8,-97,-25,-126,-120,-131,-117,-240,-223,-261,-243,-420,-428,-414,-406,-347,-361,-352,-364,-294,-186,-182,-181,-195,-176,-187,-168,-397,-384,-413,-148,-156,-144,-229,-227,-273,-289,-582,-566,-877,-877,-1099,-1050,-29978,-29979,-29979,-29979,-29991,-29992,-29993,-29989]} 1. e4 e6 2. d4 d5 3. Nc3 Bb4 4. Nge2 Nf6 5. e5 Nfd7 6. a3 Be7 7. f4 c5 {C15: French: 3 Nc3 Bb4: Unusual White 4th moves} 8. Be3 Nc6 9. Qd2 (9. dxc5 Bxc5 10. Bxc5 Nxc5 11. Nd4 O-O 12. b4 Nd7 13. g3 Qb6 14. Nce2 f6 15. Bg2 Nxd4 16. Qxd4 fxe5 17. fxe5 Qxd4 18. Nxd4 Nxe5 {0-1 (50) Ismagambetov,A (2531)-Vallejo Pons,F (2698) Tromsoe 2014}) 9... b6 {The position is equal.} 10. O-O-O O-O 11. g4 $146 ({Predecessor:} 11. Kb1 Ba6 12. Ng3 Bxf1 13. Rhxf1 a6 14. Nge2 Na5 15. b3 cxd4 16. Nxd4 Qc8 17. Kb2 Qc5 18. Ndb5 Qc6 19. Nd4 Qc5 20. Ndb5 Qc6 {½-½ (20) Hofmann,W (2127)-Somogyi,J (2185) ICCF email 2009}) 11... Ba6 (11... b5 $15) 12. Kb1 (12. h4 $5) 12... Rc8 13. Bg2 {[#]} (13. h4 $11) 13... Na5 (13... b5 $1 $17) 14. Qe1 (14. f5 $11) 14... Nc4 $17 15. Bc1 b5 16. f5 (16. dxc5 $17 Bxc5 17. b4) 16... b4 $19 17. fxe6 bxc3 18. exd7 $2 (18. exf7+ Rxf7 19. Qxc3 cxd4 20. Qxd4 Ncxe5 21. Nc3) 18... cxb2 19. dxc8=N bxc1=Q+ (19... bxc1=R+ 20. Rxc1 Qxc8 21. Qc3 $19) 20. Nxc1 Qxc8 (20... Nxa3+ 21. Ka2 $15) 21. Rd3 cxd4 ({Weaker is} 21... Qxg4 22. Bxd5 Qd7 23. Qe4 $17) 22. Bxd5 Nxa3+ 23. Rxa3 Bxa3 24. e6 Bc4 25. exf7+ Rxf7 {Played: Kg8-h8} 0-1

[Event "IM Marmaris Karia VII 2019"]
[Site "Marmaris"]
[Date "2019.05.25"]
[Round "7.2"]
[White "Tanriverdi, Enes"]
[Black "Morozov, Nichita"]
[Result "1-0"]
[WhiteElo "2348"]
[BlackElo "2371"]
[Annotator "TA"]
[PlyCount "75"]
[EventDate "2019.05.25"]
[EventType "schev"]
[EventCountry "TUR"]
[SourceTitle "playchess.com"]
[Source "ChessBase"]
[SourceQuality "1"]

{[%evp 16,75,24,2,31,30,40,36,49,33,40,-9,27,21,25,17,45,6,25,0,39,-28,-8,-15,-16,-47,-37,-27,-13,-8,43,39,21,26,32,31,68,56,49,0,37,0,0,-16,52,52,48,57,595,593,1103,1091,867,847,1467,1332,5118,5118,4786,2443,29992,29992]} 1. d4 Nf6 2. Nf3 b6 3. g3 Bb7 4. Bg2 e6 5. c4 Be7 6. O-O O-O 7. Nc3 Ne4 8. Bd2 Nxd2 9. Nxd2 Bxg2 {E18: Queen's Indian: Old Main Line (4 g3 Bb7 5 Bg2 Be7 6 0-0 0-0 7 Nc3)} (9... c6 10. d5 a5 11. Rc1 Na6 12. Nb3 exd5 13. cxd5 Bf6 14. Qd2 Re8 15. Rfd1 c5 16. d6 Bxg2 17. Kxg2 Nb4 18. a4 Qc8 19. Nb5 Qb7+ 20. f3 Re5 21. e4 Rae8 22. Qf2 Bg5 23. Rc4 f5 24. Nc7 {1-0 (24) Cheparinov,I (2710)-Sanal,V (2551) Riadh 2017}) 10. Kxg2 f5 11. e3 $146 ({Predecessor:} 11. Rb1 d6 12. b4 Nd7 13. d5 e5 14. e4 f4 15. g4 Nf6 16. f3 Qd7 17. h3 {½-½ (26) Fernandez Diaz,I (1952)-Cascudo Pueyo,I (1955) Asturias 2001}) 11... c6 {White is slightly better.} 12. a3 Bf6 13. b4 Na6 (13... c5 $5) 14. Qc2 Nc7 15. Rfd1 a6 16. Nb3 b5 17. Na5 Qe8 18. a4 ({White should play} 18. h4 $14) 18... Be7 19. c5 g5 20. e4 f4 21. f3 g4 22. fxg4 fxg3 (22... Qg6 $11) 23. hxg3 $14 Qg6 24. Qe2 Rf7 25. Rf1 Raf8 26. Rxf7 Rxf7 27. Rf1 Rg7 28. axb5 axb5 29. Nb3 h5 (29... Na6 $11) 30. d5 $36 {[%mdl 2048] White is more active.} cxd5 31. exd5 Bf6 $2 {[%mdl 8192]} (31... exd5 $14 32. Nd4 Qxg4) 32. d6 $18 ({Weaker is} 32. Ne4 Nxd5 33. Nxf6+ (33. gxh5 Qh6 $14) 33... Nxf6 $16) 32... Nd5 33. Nxd5 exd5 34. c6 {[%mdl 64] [#] And now c7 would win. Deflection} dxc6 35. Qe6+ {[%mdl 64] Double Attack} Kh7 36. Rxf6 Qc2+ 37. Rf2 Qxb3 38. d7 {Accuracy: White = 49%, Black = 24%.} 1-0

[Event "IM Marmaris Karia VII 2019"]
[Site "Marmaris"]
[Date "2019.05.25"]
[Round "7.3"]
[White "Alaz, Ahmet Efekan"]
[Black "Papenin, Nikolai"]
[Result "1-0"]
[WhiteElo "2252"]
[BlackElo "2336"]
[Annotator "TA"]
[PlyCount "61"]
[EventDate "2019.05.25"]
[EventType "schev"]
[EventCountry "TUR"]
[SourceTitle "playchess.com"]
[Source "ChessBase"]
[SourceQuality "1"]

{[%evp 31,61,6,27,28,123,123,248,235,376,369,620,614,547,447,254,241,268,265,248,258,256,241,227,231,191,190,193,194,269,264,332,331]} 1. e4 c5 2. Nf3 d6 3. d4 cxd4 4. Nxd4 Nf6 5. Nc3 a6 6. Bg5 e6 7. f4 Be7 8. Qf3 Qc7 9. O-O-O Nbd7 10. g4 b5 11. Bxf6 Nxf6 12. g5 Nd7 13. f5 Nc5 14. f6 gxf6 15. gxf6 Bf8 16. Rg1 h5 $1 17. a3 {B99: Sicilian Najdorf: 6 Bg5 e6 7 f4 Be7 8 Qf3 Qc7 9 0-0-0 Nbd7} Bd7 (17... Qb6 $11) 18. Kb1 $16 Bc6 (18... h4 $16 {was called for.}) 19. Bh3 $18 {White is clearly better.} Qb7 (19... Bd7 $142 20. Rg7 Ra7) 20. b4 {[#]} Na4 $146 (20... Nd7 21. Nxe6 Ne5 22. Ng7+ Kd8) 21. Bxe6 fxe6 22. Nxe6 Bxe4 23. Nxe4 Qxe4 24. Nc7+ ({Resist} 24. Qxe4 $6 Nc3+ 25. Kb2 Nxe4 $18) 24... Kd7 25. Qxe4 {[#] White wants to mate with Nxb5.} ({Don't go for} 25. Rg7+ $2 Bxg7 26. Qxe4 Nc3+ 27. Kb2 Nxe4 $19) 25... Nc3+ 26. Kb2 Nxe4 27. Nxa8 {Nb6+ is the strong threat.} Nxf6 28. Nb6+ Kc6 {[#]} 29. Rg6 $1 Be7 (29... Ng4 $142) 30. Rg7 Bd8 31. Nc8 {Accuracy: White = 100%, Black = 30%.} 1-0

[Event "IM Marmaris Karia VII 2019"]
[Site "Marmaris"]
[Date "2019.05.25"]
[Round "7.4"]
[White "Kilic, Efe Mert"]
[Black "Darban, Morteza"]
[Result "1/2-1/2"]
[WhiteElo "2248"]
[BlackElo "2285"]
[Annotator "TA"]
[PlyCount "91"]
[EventDate "2019.05.25"]
[EventType "schev"]
[EventCountry "TUR"]
[SourceTitle "playchess.com"]
[Source "ChessBase"]
[SourceQuality "1"]

{[%evp 23,91,43,42,29,34,25,47,49,57,64,92,84,72,70,70,79,70,81,75,79,89,90,98,103,100,102,96,98,94,81,66,0,60,72,63,56,63,76,79,72,74,65,51,25,70,42,37,31,55,55,65,66,72,49,63,62,59,61,61,0,66,66,71,61,61,61,61,61,61,61]} 1. e4 g6 2. d4 Bg7 3. Nc3 c6 4. Nf3 d6 5. a4 Nf6 6. Be2 Qc7 7. O-O Nbd7 8. a5 O-O 9. h3 e5 10. dxe5 dxe5 11. Be3 Rd8 12. Qb1 Nf8 13. Qa2 {B08: Pirc Defence: Classical System} Be6 14. Qa3 Nh5 15. Rfd1 Nf4 16. Bf1 Bf6 17. Rxd8 Qxd8 {[#]} 18. Bc5 $146 ({Predecessor:} 18. Rd1 Nd7 19. a6 Be7 20. Qa1 Qc7 21. axb7 Qxb7 {0-1 (35) Loginov,V (2540)-Azmaiparashvili,Z (2610) Manila 1992}) 18... Nd7 19. Bd6 Qc8 20. Ne2 Nh5 21. Nc1 Ng7 22. Nd3 Ne8 23. Bxe5 Nxe5 24. Ndxe5 Qc7 25. Nd3 Rd8 26. Nc5 Bc8 27. Nd3 (27. Qb4 $14) 27... Ng7 (27... Be6 $11) 28. Qc5 $14 b6 29. axb6 axb6 30. Qe3 Ne6 31. c3 c5 32. g3 Bb7 33. Bg2 Be7 34. Nf4 Nxf4 35. gxf4 Bf8 36. e5 Bxf3 37. Bxf3 c4 38. Ra8 Bc5 39. Qe4 Rxa8 40. Qxa8+ Kg7 41. Qe8 ({White should try} 41. Kg2 $14) 41... Qe7 (41... Qa7 $1 $11 42. Qc6 Qa1+ 43. Kh2 Qxb2 44. Qf6+ Kg8 45. Qd8+ Kg7 46. Qf6+ Kg8 47. Qd8+ Kg7 48. Qf6+) 42. Qxe7 Bxe7 43. Bc6 f6 {White is slightly better.} 44. Bb5 fxe5 45. fxe5 Bg5 46. Bxc4 {Accuracy: White = 72%, Black = 59%.} 1/2-1/2

[Event "IM Marmaris Karia VII 2019"]
[Site "Marmaris"]
[Date "2019.05.25"]
[Round "7.5"]
[White "Ozkan, Taha"]
[Black "Mgeladze, Tamaz"]
[Result "1-0"]
[WhiteElo "1977"]
[BlackElo "2396"]
[Annotator "TA"]
[PlyCount "65"]
[EventDate "2019.05.25"]
[EventType "schev"]
[EventCountry "TUR"]
[SourceTitle "playchess.com"]
[Source "ChessBase"]
[SourceQuality "1"]

{[%evp 14,74,0,0,-4,-6,-9,-36,58,62,74,58,60,39,63,64,91,84,119,105,244,140,133,145,338,314,670,667,966,866,972,940,733,405,405,394,385,394,382,377,742,731,716,712,660,610,593,600,592,587,1033,1033,1312,966,6279,6279,29995,29996,29996,29997,29998,29999,29999]} 1. d4 Nf6 2. Nf3 g6 3. Nc3 d5 4. Bf4 Bg7 5. e3 O-O 6. Be2 c5 7. Ne5 Nc6 8. Qd2 cxd4 {D00: 1 d4 d5: Unusual lines} 9. exd4 Qb6 10. O-O-O Be6 ({Black should play} 10... Ne4 $1 $15 11. Nxe4 (11. Nxd5 Nxd2 12. Nxb6 axb6 $15) 11... dxe4) 11. Nxc6 $146 ({Predecessor:} 11. Na4 Qd8 12. Nc5 Rc8 13. Nxe6 fxe6 14. Nxc6 Rxc6 15. f3 Qb6 16. Kb1 {0-1 (35) Tsuboi,E (2231)-Mekhitarian,K (2529) Brasilia 2018}) 11... Qxc6 12. f3 a6 13. h4 b5 14. Bd3 $1 h5 15. Be5 b4 16. Ne2 Ne8 (16... a5 $16 {was called for.}) 17. Bxg7 (17. Qxb4 Bxe5 18. dxe5 Qc7 $16) (17. g4 $18) 17... Nxg7 $16 18. g4 ({Much less strong is} 18. Qxb4 Bf5 $14) 18... Rac8 $2 (18... hxg4 $16 19. h5 Bf5) 19. Rdg1 $18 hxg4 $2 (19... a5 20. gxh5 Bf5 21. hxg6 Bxd3 22. Qxd3 fxg6 23. Rxg6 Rf6) 20. fxg4 f5 21. h5 fxg4 22. hxg6 Rf3 23. Rf1 Rxf1+ 24. Rxf1 {Intending Qh6 and mate.} Rf8 25. Rh1 Rf3 26. Qh6 {[%csl Gh1][%cal Rh6h8]} Kf8 $2 (26... Rh3 27. Rxh3 gxh3) 27. Nf4 ({Less strong is} 27. Qh8+ Bg8 $16) 27... Ke8 28. Qxg7 Rxf4 29. Qh8+ Kd7 30. g7 Rf3 {intending ...Rxd3.} 31. Kb1 Rh3 32. Re1 Qb6 {[#]} 33. Qf8 {Played: g7-g8Q} 1-0

[Event "IM Marmaris Karia VII 2019"]
[Site "Marmaris"]
[Date "2019.05.25"]
[Round "8.1"]
[White "Morozov, Nichita"]
[Black "Eminov, Orkhan"]
[Result "1-0"]
[WhiteElo "2371"]
[BlackElo "2353"]
[Annotator "ChessBase"]
[PlyCount "67"]
[EventDate "2019.05.25"]
[EventType "schev"]
[EventCountry "TUR"]
[SourceTitle "playchess.com"]
[Source "ChessBase"]
[SourceQuality "1"]
[TimeControl "5400+30"]

1. d4 Nf6 2. c4 g6 3. Nc3 Bg7 4. e4 d6 5. f4 O-O 6. Nf3 c5 7. d5 e6 8. Be2 exd5 9. cxd5 Bg4 10. O-O Bxf3 11. Bxf3 Nbd7 12. g4 a6 13. g5 Ne8 14. Kg2 Qa5 15. h4 Nc7 16. Ne2 Rfe8 17. f5 Be5 18. h5 {[%emt 1:15:00]} Nb5 {[%emt 1:04:00]} 19. hxg6 {[%emt 0:00:30]} hxg6 {[%emt 0:00:30]} 20. f6 {[%emt 0:01:30]} Nd4 {[%emt 0:00:30]} 21. Bg4 {[%emt 0:00:30]} Rad8 {[%emt 0:00:30]} 22. Rf2 {[%emt 0:01:30]} Qb4 {[%emt 0:00:30]} 23. Bd2 {[%emt 0:06:45]} Qc4 {[%emt 0:01:30]} 24. Nxd4 {[%emt 0:03:29]} Qxd4 {[%emt 0:00:30]} 25. Bf3 {[%emt 0:05:02]} Qxb2 {[%emt 0:00:30]} 26. Rb1 {[%emt 0:00:30]} Qd4 {[%emt 0:05:30]} 27. Rxb7 {[%emt 0:05:37]} Nxf6 {[%emt 0:02:30]} 28. gxf6 {[%emt 0:00:32]} Bxf6 {[%emt 0:00:30]} 29. Qh1 {[%emt 0:01:11]} Rb8 {[%emt 0:00:30]} 30. Rxf7 {[%emt 0:02:11]} Kxf7 {[%emt 0:00:00]} 31. Qh7+ {[%emt 0:00:38]} Bg7 {[%emt 0:00:00]} 32. Bg4+ {[%emt 0:00:48]} Qxf2+ {[%emt 0:00:30]} 33. Kxf2 {[%emt 0:00:30]} Rb2 {[%emt 0:00:30]} 34. Be6+ {[%emt 0:00:30]} 1-0

[Event "IM Marmaris Karia VII 2019"]
[Site "Marmaris"]
[Date "2019.05.25"]
[Round "8.2"]
[White "Papenin, Nikolai"]
[Black "Tanriverdi, Enes"]
[Result "0-1"]
[WhiteElo "2336"]
[BlackElo "2348"]
[Annotator "ChessBase"]
[PlyCount "45"]
[EventDate "2019.05.25"]
[EventType "schev"]
[EventCountry "TUR"]
[SourceTitle "playchess.com"]
[Source "ChessBase"]
[SourceQuality "1"]
[TimeControl "5400+30"]

1. e4 c5 2. Nf3 e6 3. d4 cxd4 4. Nxd4 Nc6 5. Nc3 Qc7 6. Be3 a6 7. Qf3 Bd6 8. O-O-O Be5 9. Nxc6 bxc6 10. Bd4 Bxd4 11. Rxd4 d5 12. exd5 cxd5 13. Bd3 Nf6 14. Re1 Bb7 15. g4 O-O 16. Qh3 Rac8 17. f4 Ne4 18. Bxe4 dxe4 19. Qe3 f5 20. gxf5 Rxf5 {[%emt 1:15:00]} 21. Red1 {[%emt 0:38:30]} Bd5 {[%emt 0:01:30]} 22. R1d2 {[%emt 0:00:30]} Rxf4 {[%emt 0:01:30]} 23. Qe2 {[%emt 0:01:30]} 0-1

[Event "IM Marmaris Karia VII 2019"]
[Site "Marmaris"]
[Date "2019.05.25"]
[Round "8.3"]
[White "Darban, Morteza"]
[Black "Alaz, Ahmet Efekan"]
[Result "0-1"]
[WhiteElo "2285"]
[BlackElo "2252"]
[Annotator "ChessBase"]
[PlyCount "58"]
[EventDate "2019.05.25"]
[EventType "schev"]
[EventCountry "TUR"]
[SourceTitle "playchess.com"]
[Source "ChessBase"]
[SourceQuality "1"]
[TimeControl "5400+30"]

1. e4 c6 2. d4 d5 3. e5 Bf5 4. g4 Be4 5. f3 Bg6 6. e6 Qd6 7. exf7+ Bxf7 8. f4 c5 9. c3 Nc6 10. Nf3 {[%emt 0:54:00]} Nf6 {[%emt 0:54:00]} 11. h3 {[%emt 0:00:30]} Bg6 {[%emt 0:00:30]} 12. Bb5 {[%emt 0:00:30]} Be4 {[%emt 0:02:30]} 13. O-O {[%emt 0:00:30]} e6 {[%emt 0:00:30]} 14. Qa4 {[%emt 0:07:30]} Bxf3 {[%emt 0:14:30]} 15. Rxf3 {[%emt 0:01:30]} Be7 {[%emt 0:00:30]} 16. Nd2 {[%emt 0:00:30]} O-O {[%emt 0:00:30]} 17. Nf1 {[%emt 0:00:30]} cxd4 {[%emt 0:00:30]} 18. cxd4 {[%emt 0:00:30]} Rac8 {[%emt 0:00:30]} 19. Bxc6 {[%emt 0:00:30]} Rxc6 {[%emt 0:00:30]} 20. Rc3 {[%emt 0:00:30]} Rxc3 {[%emt 0:06:52]} 21. bxc3 {[%emt 0:00:30]} Ne4 {[%emt 0:00:23]} 22. Qxa7 {[%emt 0:00:30]} Nxc3 {[%emt 0:00:16]} 23. Qxb7 {[%emt 0:00:00]} Ne2+ {[%emt 0:00:18]} 24. Kg2 {[%emt 0:00:00]} Nxc1 {[%emt 0:01:09]} 25. Rxc1 {[%emt 0:00:30]} Qxf4 {[%emt 0:00:44]} 26. Qb2 {[%emt 0:05:30]} Qf3+ {[%emt 0:01:56]} 27. Kg1 {[%emt 0:00:00]} Ba3 {[%emt 0:00:30]} 28. Qd2 {[%emt 0:01:00]} Bxc1 {[%emt 0:00:12]} 29. Qxc1 {[%emt 0:00:00]} Qf2+ {[%emt 0:00:08]} 0-1

[Event "IM Marmaris Karia VII 2019"]
[Site "Marmaris"]
[Date "2019.05.25"]
[Round "8.4"]
[White "Mgeladze, Tamaz"]
[Black "Kilic, Efe Mert"]
[Result "1/2-1/2"]
[WhiteElo "2396"]
[BlackElo "2248"]
[Annotator "TA"]
[PlyCount "19"]
[EventDate "2019.05.25"]
[EventType "schev"]
[EventCountry "TUR"]
[SourceTitle "playchess.com"]
[Source "ChessBase"]
[SourceQuality "1"]

{[%evp 18,19,28,0]} 1. e4 c5 2. Nf3 d6 3. d4 cxd4 4. Nxd4 Nf6 5. Nc3 a6 6. Be3 Ng4 $146 ({Predecessor:} 6... e5 7. Nf3 Qc7 8. a4 Be7 9. a5 O-O 10. Be2 Nbd7 11. Nd2 b5 12. axb6 Nxb6 13. O-O a5 14. Nb5 Qb8 15. c4 Be6 16. Qb3 Rc8 17. Rfc1 Bd8 18. Qd1 Nbd7 19. f3 Bb6 20. Nf1 Ne8 21. Rc3 {½-½ (41) Aronian,L (2763)-Naiditsch,A (2695) Karlsruhe/Baden Baden 2019}) 7. Bc1 Nf6 8. Be3 Ng4 9. Bc1 Nf6 10. Be3 1/2-1/2

[Event "IM Marmaris Karia VII 2019"]
[Site "Marmaris"]
[Date "2019.05.25"]
[Round "8.5"]
[White "Sibashvili, Giorgi"]
[Black "Ozkan, Taha"]
[Result "1-0"]
[WhiteElo "2381"]
[BlackElo "1977"]
[Annotator "TA"]
[PlyCount "91"]
[EventDate "2019.05.25"]
[EventType "schev"]
[EventCountry "TUR"]
[SourceTitle "playchess.com"]
[Source "ChessBase"]
[SourceQuality "1"]

{[%evp 9,91,2,5,4,70,34,34,-12,-10,-11,14,0,0,-10,-1,-7,-6,-25,-33,-22,-21,-31,-26,-25,-24,-47,-17,-22,-22,-19,-11,-41,-28,-13,53,62,54,37,42,45,50,35,70,54,70,85,72,68,140,136,197,154,342,339,316,315,479,500,676,659,776,761,768,694,743,760,760,758,756,647,997,652,1331,681,966,966,29981,29982,5329,2262,29988,29989,29989,29990]} 1. Nf3 d5 2. g3 c6 3. Bg2 Nd7 4. O-O e5 5. d3 Bd6 (5... Ngf6 6. Nbd2 Bd6 7. e4 O-O 8. c3 Re8 9. Qc2 dxe4 10. dxe4 Qc7 11. Nc4 Bf8 12. a4 a5 13. Rd1 b5 14. Ne3 Nc5 15. axb5 cxb5 16. Nd5 Nxd5 17. exd5 {0-1 (68) Pantsulaia,L (2607)-Riazantsev,A (2671) Doha 2016}) 6. e4 {A07: Réti Opening: New York and Capablanca Systems} d4 (6... Ne7 $11) 7. Nh4 $146 ({Predecessor:} 7. c3 c5 8. Nbd2 Ne7 9. Nc4 Bc7 10. Nh4 b5 11. Nd2 Rb8 12. cxd4 cxd4 {0-1 (43) Kobzev,D-Stepanov,I (2069) Tula 2004}) 7... Ne7 8. f4 {White is slightly better.} exf4 9. gxf4 O-O 10. Qe1 f5 11. e5 Bc7 12. Nd2 Nc5 13. Nhf3 Ne6 14. Nb3 c5 15. Qg3 Rb8 16. Ng5 b6 17. c3 dxc3 18. bxc3 Nxg5 19. Qxg5 Be6 20. d4 c4 21. Ba3 Re8 (21... Nd5 $1 $11) 22. Bxe7 $1 $14 Rxe7 23. d5 $1 {aiming for Nd4.} h6 24. Qh4 {Black must now prevent Nd4.} cxb3 25. dxe6 Rxe6 26. Qh3 $36 {[%mdl 2048] White has the initiative.} Qf8 27. axb3 a5 28. Kh1 {Strongly threatening Bd5.} Ree8 ({Black should play} 28... Kh8 $14) 29. c4 Red8 (29... Kh7 $16 {was called for.} 30. Bc6 Red8) 30. Bd5+ $18 Kh7 $2 (30... Kh8 $16 {is a better defense.} 31. Rg1 b5) 31. Rg1 b5 {[#]} 32. Rg5 $1 Bb6 (32... Rd7 $142 33. Be6 Re7) 33. Rxf5 ({Less strong is} 33. Qh5 Qe8 $16) 33... Qc5 34. Rf7 {Qf5+ is the strong threat.} Rxd5 {[#]} 35. Qg2 $1 {[%csl Gf7][%cal Rg2g7][%mdl 576] Double Attack} Rg8 36. cxd5 Qc3 37. Qe4+ Kh8 38. Rf1 Qxb3 39. e6 Qh3 {[%cal Rh3f1]} 40. Qf3 Qh4 41. Rb7 Bd4 42. d6 b4 43. e7 Bc5 44. Qe4 (44. Qe2 $142 Qh3 45. e8=Q Qxf1+ 46. Qxf1 Rxe8 {[#]} 47. Qa1 $1 {[%mdl 576] Double Attack}) 44... Qh5 45. Re1 Bxd6 46. e8=Q {Accuracy: White = 63%, Black = 38%.} 1-0

[Event "IM Marmaris Karia VII 2019"]
[Site "Marmaris"]
[Date "2019.05.25"]
[Round "9.1"]
[White "Eminov, Orkhan"]
[Black "Papenin, Nikolai"]
[Result "1-0"]
[WhiteElo "2353"]
[BlackElo "2336"]
[Annotator "RC"]
[PlyCount "49"]
[EventDate "2019.05.25"]
[EventType "schev"]
[EventCountry "TUR"]
[SourceTitle "playchess.com"]
[Source "ChessBase"]
[SourceQuality "1"]
[TimeControl "5400+30"]

1. e4 {[%emt 0:00:30]} c5 {[%emt 0:00:30]} 2. Nf3 {[%emt 0:00:30]} d6 {[%emt 0:00:00]} 3. Bb5+ {[%emt 0:00:30]} Nd7 {[%emt 0:00:00]} 4. d4 {[%emt 0:00:00]} cxd4 {[%emt 0:00:30]} 5. Qxd4 {[%emt 0:00:00]} a6 {[%emt 0:00:30]} 6. Bxd7+ {[%emt 0:00:00]} Bxd7 {[%emt 0:00:00]} 7. Bg5 {[%emt 0:00:00]} h6 {[%emt 0:03:00]} 8. Bh4 {[%emt 0:00:30]} Nf6 {[%emt 0:00:30]} 9. Nc3 {[%emt 0:01:30]} g5 {[%emt 0:00:30]} 10. Bg3 {[%emt 0:00:30]} Bg7 {[%emt 0:00:30]} 11. O-O-O {[%emt 0:04:30]} O-O {[%emt 0:00:30]} 12. e5 {[%emt 0:08:30]} dxe5 {[%emt 0:00:30]} 13. Bxe5 {[%emt 0:09:30]} Bc6 {[%emt 0:00:30]} 14. Qb4 {[%emt 0:01:30]} Qe8 {[%emt 0:01:30]} 15. Nd4 {[%emt 0:25:30]} a5 {[%emt 0:07:30]} 16. Qc4 {[%emt 0:04:30]} Rc8 {[%emt 0:04:30]} 17. Qe2 {[%emt 0:02:30]} Bxg2 {[%emt 0:03:30]} 18. Rhg1 {[%emt 0:01:30]} Bh3 {[%emt 0:02:30]} 19. f4 {[%emt 0:00:30]} Rxc3 {[%emt 0:00:30]} 20. bxc3 {[%emt 0:02:30]} Qa4 {[%emt 0:13:30]} 21. fxg5 {[%emt 0:04:30]} Qa3+ {[%emt 0:03:30]} 22. Kb1 {[%emt 0:00:30]} hxg5 {[%emt 0:00:30]} 23. Rxg5 {[%emt 0:00:30]} Qxc3 {[%emt 0:00:30]} 24. Rxg7+ {[%emt 0:00:30]} Kxg7 {[%emt 0:00:30]} 25. Ne6+ {[%emt 0:00:30]} 1-0

[Event "IM Marmaris Karia VII 2019"]
[Site "Marmaris"]
[Date "2019.05.25"]
[Round "9.2"]
[White "Tanriverdi, Enes"]
[Black "Darban, Morteza"]
[Result "1-0"]
[WhiteElo "2348"]
[BlackElo "2285"]
[Annotator "RC"]
[PlyCount "79"]
[EventDate "2019.05.25"]
[EventType "schev"]
[EventCountry "TUR"]
[SourceTitle "playchess.com"]
[Source "ChessBase"]
[SourceQuality "1"]
[TimeControl "5400+30"]

1. d4 {[%emt 0:00:30]} c5 {[%emt 0:00:30]} 2. d5 {[%emt 0:00:00]} e5 {[%emt 0:00:30]} 3. Nc3 {[%emt 0:01:00]} d6 {[%emt 0:00:00]} 4. e4 {[%emt 0:00:00]} a6 {[%emt 0:13:00]} 5. a4 {[%emt 0:00:00]} g6 {[%emt 0:00:30]} 6. Nf3 {[%emt 0:04:30]} Bg7 {[%emt 0:00:30]} 7. Nd2 {[%emt 0:00:30]} f5 {[%emt 0:18:30]} 8. exf5 {[%emt 0:00:30]} Bxf5 {[%emt 0:00:00]} 9. Be2 {[%emt 0:00:30]} Nf6 {[%emt 0:00:00]} 10. O-O {[%emt 0:00:00]} O-O {[%emt 0:00:00]} 11. Nc4 {[%emt 0:00:00]} Ne4 {[%emt 0:18:00]} 12. Bd2 {[%emt 0:08:30]} Nxc3 {[%emt 0:09:30]} 13. Bxc3 {[%emt 0:00:00]} b6 {[%emt 0:00:00]} 14. Qd2 {[%emt 0:04:00]} Qc7 {[%emt 0:03:00]} 15. f4 {[%emt 0:04:30]} Nd7 {[%emt 0:00:30]} 16. fxe5 {[%emt 0:00:30]} Nxe5 {[%emt 0:00:30]} 17. Bxe5 {[%emt 0:05:30]} Bxe5 {[%emt 0:08:30]} 18. Nxe5 {[%emt 0:00:00]} dxe5 {[%emt 0:00:30]} 19. d6 {[%emt 0:00:00]} Qg7 {[%emt 0:02:30]} 20. Bc4+ {[%emt 0:01:30]} Kh8 {[%emt 0:00:00]} 21. Rae1 {[%emt 0:02:30]} a5 {[%emt 0:02:00]} 22. Bb5 {[%emt 0:05:30]} h5 {[%emt 0:08:32]} 23. d7 {[%emt 0:03:30]} e4 {[%emt 0:07:12]} 24. c3 {[%emt 0:01:30]} Rad8 {[%emt 0:03:32]} 25. Qd6 {[%emt 0:02:30]} Rf6 {[%emt 0:00:26]} 26. Qc7 {[%emt 0:01:30]} Qe7 {[%emt 0:02:52]} 27. h3 {[%emt 0:00:30]} Rd6 {[%emt 0:01:40]} 28. Bc6 {[%emt 0:01:30]} R8xd7 {[%emt 0:00:41]} 29. Bxd7 {[%emt 0:00:30]} Qxd7 {[%emt 0:00:10]} 30. Qxd7 {[%emt 0:00:30]} Rxd7 {[%emt 0:00:13]} 31. Rd1 {[%emt 0:00:30]} e3 {[%emt 0:00:58]} 32. Rxd7 {[%emt 0:00:00]} Bxd7 {[%emt 0:00:10]} 33. Rf6 {[%emt 0:00:00]} Kg7 {[%emt 0:00:09]} 34. Rxb6 {[%emt 0:00:30]} Bxa4 {[%emt 0:00:09]} 35. Ra6 {[%emt 0:00:00]} Bd1 {[%emt 0:01:35]} 36. Rxa5 {[%emt 0:00:00]} e2 {[%emt 0:00:09]} 37. Kf2 {[%emt 0:00:00]} c4 {[%emt 0:00:06]} 38. Rc5 {[%emt 0:00:00]} Bb3 {[%emt 0:00:26]} 39. Kxe2 {[%emt 0:00:00]} Kf6 {[%emt 0:00:08]} 40. h4 {[%emt 0:00:00]} 1-0